Ngữ văn 12 T.1

保存先:
書誌詳細
第一著者: Phan, Trọng Luận
その他の著者: Trần, Đăng Suyền
フォーマット: 図書
言語:Undetermined
出版事項: H. Giáo dục Việt Nam 2010
主題:
オンライン・アクセス:http://lrc.tdmu.edu.vn/opac/search/detail.asp?aID=2&ID=6570
タグ: タグ追加
タグなし, このレコードへの初めてのタグを付けませんか!
Thư viện lưu trữ: Trung tâm Học liệu Trường Đại học Thủ Dầu Một
LEADER 00642nam a2200217Ia 4500
001 TDMU_6570
008 210410s9999 xx 000 0 und d
082 |a 807.071 
090 |b PH105 
100 |a Phan, Trọng Luận 
245 0 |a Ngữ văn 12 
245 0 |c Phan Trọng Luận 
245 0 |n T.1 
260 |a H. 
260 |b Giáo dục Việt Nam 
260 |c 2010 
300 |a 224tr. 
650 |a Sách lớp 12; Ngữ văn 
700 |a Trần, Đăng Suyền 
856 |u http://lrc.tdmu.edu.vn/opac/search/detail.asp?aID=2&ID=6570 
980 |a Trung tâm Học liệu Trường Đại học Thủ Dầu Một